| 000 | 00915pam a2200277 a 4500 | ||
|---|---|---|---|
| 001 | 015730022 | ||
| 003 | Uk | ||
| 005 | 20130203134252.0 | ||
| 008 | 101221s2011 enk b 001 0 eng d | ||
| 020 | _a1849041253 (hbk.) | ||
| 020 | _a9781849041256 (hbk.) | ||
| 020 | _a9781849041263 (pbk.) : | ||
| 020 | _a1849041261 (pbk.) : | ||
| 082 | 0 | 4 |
_a321.08 _222 _bNEW |
| 245 | 0 | 4 |
_aThe new Protectorates : _bInternational Tutelage and the Making of Liberal States / _cedited by James Mayall and Ricardo Soares de Oliveira. |
| 260 |
_aLondon : _bHurst, _c2011. |
||
| 300 |
_axviii, 375 p. ; _c23 cm. |
||
| 500 |
_aFormerly CIP. _5Uk |
||
| 504 | _aIncludes bibliographical references and index. | ||
| 650 | 0 |
_aProtectorates. _932349 |
|
| 650 | 0 |
_aWorld politics _y1989- _932350 |
|
| 653 |
_bPol _cFebruary2013 |
||
| 700 | 1 |
_aMayall, James. _932351 |
|
| 700 | 1 |
_aOliveira, Ricardo Soares de. _932352 |
|
| 942 |
_2ddc _cBB |
||
| 999 |
_c17213 _d17185 |
||